[Event "Laval XVI"]
[Site "Laval CAN"]
[Date "1999.04.18"]
[Round "4"]
[White "Auger, Bertrand"]
[Black "Papineau (Granby), Daniel"]
[Result "1/2-1/2"]
[WhiteElo "2084"]
[BlackElo "1790"]
[PlyCount "113"]
[GameId "2160767911805200"]
[EventDate "1999.04.16"]
[EventType "swiss"]
[EventRounds "5"]
[EventCountry "CAN"]

1. Nf3 Nf6 2. g3 d5 3. c4 c6 4. b3 Bg4 5. Bg2 Nbd7 6. Bb2 e6 7. O-O Be7 8. d3 O-O 9. Nbd2 Bc5 10. Qc2 Qe7 11. a3 a5 12. Rfe1 Rfc8 13. e4 dxe4 14. Nxe4 Nxe4 15. Rxe4 Nf6 16. Rf4 Bf5 17. Qe2 Bd6 18. Rh4 Rd8 19. d4 c5 20. Re1 cxd4 21. Nxd4 Bg6 22. Nb5 Bc5 23. Rf4 Rd3 24. Rf3 Rad8 25. Rxd3 Rxd3 26. Bc3 b6 27. Rd1 Rxd1+ 28. Qxd1 Ne4 29. Bd4 h6 30. b4 axb4 31. axb4 Bxd4 32. Qxd4 Qxb4 33. Bf1 Nd2 34. Be2 Qb1+ 35. Kg2 Qe4+ 36. Qxe4 Bxe4+ 37. f3 Bc6 38. Nd4 Bb7 39. Nb5 Ba6 40. Nd6 Kf8 41. Kf2 Nb3 42. Ke3 Nc5 43. Kd4 Ke7 44. Ne4 Nxe4 45. fxe4 f6 46. e5 f5 47. h4 g5 48. hxg5 hxg5 49. Bf3 Kd7 50. Bg2 Kc7 51. Bf1 Bb7 52. c5 f4 53. cxb6+ Kxb6 54. gxf4 gxf4 55. Bh3 Bd5 56. Bxe6 Bxe6 57. Ke4 1/2-1/2

[Event "Laval XVI"]
[Site "Laval CAN"]
[Date "1999.04.18"]
[Round "4"]
[White "Lacroix, Serge"]
[Black "Loranger, Stephane"]
[Result "1-0"]
[WhiteElo "1982"]
[BlackElo "1822"]
[PlyCount "81"]
[GameId "2160767911805201"]
[EventDate "1999.04.16"]
[EventType "swiss"]
[EventRounds "5"]
[EventCountry "CAN"]
[SourceTitle "Lacroix"]

1. e4 e5 2. Nf3 Nc6 3. Bb5 a6 4. Ba4 b5 5. Bb3 Nf6 6. O-O Be7 7. Re1 O-O 8. c3 d5 9. exd5 e4 10. dxc6 exf3 11. g3 Bg4 12. d4 Re8 13. Bg5 Bd6 14. Nd2 h6 15. Rxe8+ Qxe8 16. Bxf6 gxf6 17. Bd5 Qe2 18. Qxe2 fxe2 19. f3 Bh3 20. Kf2 Re8 21. Re1 f5 22. f4 Bg4 23. Bf3 h5 24. Rxe2 Rb8 25. Bxg4 hxg4 26. b4 f6 27. Nb3 Kf7 28. Rd2 Rh8 29. Kg2 Rb8 30. d5 Rb6 31. Re2 Rb8 32. Nd4 a5 33. Nxf5 Bf8 34. a3 axb4 35. axb4 Ra8 36. Nd4 Rb8 37. Ra2 Ke7 38. Nf5+ Kf7 39. Ra5 Kg6 40. Nd4 Kf7 41. Nxb5 1-0

[Event "Laval XVI"]
[Site "Laval CAN"]
[Date "1999.04.18"]
[Round "4"]
[White "Schleifer, Michael"]
[Black "Mikanovic, Goran"]
[Result "1-0"]
[WhiteElo "2410"]
[BlackElo "2359"]
[PlyCount "79"]
[GameId "2160767911805202"]
[EventDate "1999.04.16"]
[EventType "swiss"]
[EventRounds "5"]
[EventCountry "CAN"]
[SourceTitle "Echec+ 1999.07"]

1. d4 Nf6 2. g3 e6 3. Bg2 c5 4. Nf3 cxd4 5. Nxd4 a6 6. e4 Qc7 7. O-O d6 8. Nc3 Be7 9. f4 O-O 10. h3 Nc6 11. Be3 Bd7 12. g4 Nxd4 13. Qxd4 Bc6 14. g5 Nd7 15. f5 Rfe8 16. h4 d5 17. fxe6 fxe6 18. exd5 Bc5 19. Qd2 Bxe3+ 20. Qxe3 exd5 21. Qd4 Nb6 22. Rf2 Re5 23. Raf1 Rae8 24. Rf7 Qd8 25. b3 Nc8 26. Rf8+ Rxf8 27. Rxf8+ Qxf8 28. Qxe5 Qc5+ 29. Kh2 Ne7 30. Ne4 Qxc2 31. Nd6 Qf2 32. Qxe7 Qxh4+ 33. Kg1 Qd4+ 34. Kf1 Qf4+ 35. Ke2 g6 36. a4 d4 37. Bxc6 bxc6 38. Qd8+ Kg7 39. Qc7+ Kf8 40. Qb8+ 1-0

[Event "Laval XVI U1600"]
[Site "Laval CAN"]
[Date "1999.04.16"]
[Round "1"]
[White "Belanger, Martin"]
[Black "Burgess, Michel"]
[Result "0-1"]
[WhiteElo "1397"]
[BlackElo "1551"]
[PlyCount "58"]
[GameId "2160767911805205"]
[EventDate "1999.04.16"]
[EventType "swiss"]
[EventRounds "5"]
[EventCountry "CAN"]

1. e4 c5 2. Nf3 Nc6 3. d4 cxd4 4. Nxd4 Nf6 5. Nc3 d6 6. f4 e6 7. Nf3 Be7 8. Be3 Ng4 9. Qd2 a6 10. O-O-O Nxe3 11. Qxe3 b5 12. Be2 Bd7 13. g4 Rc8 14. h4 Qc7 15. g5 Qa5 16. Nd2 Nb4 17. a3 Rxc3 18. Nb3 Rxe3 19. Nxa5 Rxe2 20. axb4 Rxe4 21. Rdf1 d5 22. c3 Bd6 23. Nb3 Bxf4+ 24. Kb1 Bd6 25. Nc5 Bxc5 26. bxc5 Ke7 27. Rf2 Rf8 28. h5 Rg4 29. g6 hxg6 0-1

[Event "Laval XVI U1600"]
[Site "Laval CAN"]
[Date "1999.04.17"]
[Round "2"]
[White "Burgess, Michel"]
[Black "Doire, Daniel"]
[Result "1-0"]
[WhiteElo "1561"]
[BlackElo "1454"]
[PlyCount "43"]
[GameId "2160767911805206"]
[EventDate "1999.04.16"]
[EventType "swiss"]
[EventRounds "5"]
[EventCountry "CAN"]

1. e4 c5 2. f4 Nc6 3. Nf3 e6 4. c4 b6 5. Nc3 Bb7 6. Be2 Nd4 7. d3 Nxf3+ 8. Bxf3 Qh4+ 9. g3 Qd8 10. O-O Ne7 11. Be3 d5 12. cxd5 exd5 13. d4 dxe4 14. Nxe4 Nd5 15. Bf2 c4 16. Qa4+ Qd7 17. Qxc4 Rc8 18. Qe2 Be7 19. Bg4 f5 20. Bxf5 Qc7 21. Bxc8 Qxc8 22. Nd6+ 1-0

[Event "Laval XVI U1600"]
[Site "Laval CAN"]
[Date "1999.04.18"]
[Round "5"]
[White "Baribeault, David"]
[Black "Tremblay, Dominique"]
[Result "0-1"]
[WhiteElo "1494"]
[BlackElo "1557"]
[PlyCount "50"]
[GameId "2160767911805207"]
[EventDate "1999.04.16"]
[EventType "swiss"]
[EventRounds "5"]
[EventCountry "CAN"]

1. d4 d5 2. Nf3 Nf6 3. c4 e6 4. Bg5 Nbd7 5. cxd5 exd5 6. Nc3 Be7 7. e3 c6 8. Bd3 O-O 9. O-O Ne4 10. Bxe7 Qxe7 11. Qc2 f5 12. Rfe1 Ndf6 13. Nd2 Nxd2 14. Qxd2 Ne4 15. Qc2 Qf6 16. f3 Ng5 17. Rad1 Be6 18. e4 fxe4 19. fxe4 Qxd4+ 20. Kh1 Rf2 21. Be2 Qc5 22. Qb1 Rxg2 23. Kxg2 Bh3+ 24. Kh1 Qf2 25. Rg1 Nf3 0-1

[Event "Laval XVI U1600"]
[Site "Laval CAN"]
[Date "1999.04.18"]
[Round "5"]
[White "Burgess, Michel"]
[Black "Garceau, Steve"]
[Result "1/2-1/2"]
[WhiteElo "1551"]
[BlackElo "1573"]
[PlyCount "89"]
[GameId "2160767911805208"]
[EventDate "1999.04.16"]
[EventType "swiss"]
[EventRounds "5"]
[EventCountry "CAN"]

1. e4 d6 2. d4 g6 3. f4 Bg7 4. Nf3 Nf6 5. Bd3 O-O 6. O-O Nbd7 7. e5 Ne8 8. Nbd2 c5 9. c3 cxd4 10. cxd4 dxe5 11. fxe5 Nc5 12. Bc4 Ne6 13. Nb3 b6 14. Be3 N6c7 15. Qd2 Nd5 16. Bh6 Nec7 17. Rae1 e6 18. Rf2 Rb8 19. Ref1 Ba6 20. Bxa6 Nxa6 21. Bxg7 Kxg7 22. Ng5 Nac7 23. Nxf7 Qh4 24. g3 Qh5 25. Nd6 Rxf2 26. Qxf2 g5 27. Ne4 Qg6 28. Nbd2 h5 29. Nd6 g4 30. N2e4 Kh8 31. Qd2 Kg7 32. Rf7+ Kh8 33. Qf2 Rd8 34. Rxc7 Nxc7 35. Nf7+ Kg7 36. Nxd8 Qxe4 37. Qf6+ Kh7 38. Qf7+ Kh8 39. Qxh5+ Kg8 40. Qg5+ Kh7 41. Qe7+ Kg8 42. Qxc7 Qxd4+ 43. Kf1 Qd1+ 44. Kf2 Qd2+ 45. Kf1 1/2-1/2

[Event "Laval XVI U1900"]
[Site "Laval CAN"]
[Date "1999.04.18"]
[Round "5"]
[White "Dutton, Mark"]
[Black "Soskic, Radmilo"]
[Result "0-1"]
[WhiteElo "1718"]
[BlackElo "1766"]
[PlyCount "86"]
[GameId "2160767911805209"]
[EventDate "1999.04.16"]
[EventType "swiss"]
[EventRounds "5"]
[EventCountry "CAN"]

1. Nf3 Nf6 2. g3 g6 3. Bg2 Bg7 4. O-O O-O 5. d4 d6 6. b3 c6 7. Bb2 Nbd7 8. Nbd2 Qc7 9. c4 e5 10. e3 Rb8 11. Rc1 Re8 12. h3 h6 13. dxe5 Nxe5 14. Nxe5 dxe5 15. Nf3 Bf5 16. Qe2 Be4 17. Rfd1 c5 18. Rd2 Bc6 19. Rcd1 Ne4 20. Rd3 Nxg3 21. fxg3 e4 22. Bxg7 exf3 23. Qb2 Qxg3 24. Bxh6 Qxg2+ 25. Qxg2 fxg2 26. Bg5 Kg7 27. Rd8 Rbxd8 28. Rxd8 Re5 29. h4 f6 30. Bf4 Rh5 31. Rc8 g5 32. Rxc6 bxc6 33. hxg5 fxg5 34. Be5+ Kf7 35. Kxg2 Ke6 36. Bb8 Rh7 37. Kf3 Rb7 38. Bg3 Rd7 39. Ke2 Kf5 40. a3 Ke4 41. b4 Rd3 42. Bf2 Rxa3 43. bxc5 Ra2+ 0-1

[Event "Lunenburg County op"]
[Site "Lunenburg CAN"]
[Date "1999.04.24"]
[Round "1"]
[White "Doucette, Raymond"]
[Black "Saunders, Stephen"]
[Result "0-1"]
[WhiteElo "1584"]
[BlackElo "1995"]
[PlyCount "58"]
[GameId "2160767911805170"]
[EventDate "1999.04.24"]
[EventType "swiss"]
[EventRounds "5"]
[EventCountry "CAN"]
[SourceTitle "EXT 2002"]
[Source "ChessBase"]
[SourceDate "2001.11.25"]
[SourceVersion "1"]
[SourceVersionDate "2001.11.25"]
[SourceQuality "1"]

1. d4 f5 2. Nf3 Nf6 3. h3 d5 4. Bf4 c6 5. c3 Nbd7 6. Nbd2 e6 7. e3 Be7 8. Be2 Ne4 9. Qc2 Ndf6 10. Ne5 Nxd2 11. Qxd2 Ne4 12. Qd1 O-O 13. h4 Bxh4 14. g3 Bg5 15. Bd3 Bxf4 16. Bxe4 Bxe5 17. Qh5 h6 18. Bd3 Bd6 19. f4 Qe8 20. Qf3 a5 21. g4 fxg4 22. Qxg4 e5 23. Qg2 exf4 24. Rg1 Qxe3+ 25. Be2 Rf7 26. Qg6 f3 27. Qd3 f2+ 28. Kd1 fxg1=Q+ 29. Kc2 Bf5 0-1

[Event "Lunenburg County op"]
[Site "Lunenburg CAN"]
[Date "1999.04.24"]
[Round "3"]
[White "Mayo, Alvah"]
[Black "Gulati, Justin"]
[Result "1/2-1/2"]
[WhiteElo "2066"]
[BlackElo "2085"]
[PlyCount "120"]
[GameId "2160767911805171"]
[EventDate "1999.04.24"]
[EventType "swiss"]
[EventRounds "5"]
[EventCountry "CAN"]

1. Nf3 g6 2. g3 Bg7 3. Bg2 e5 4. d3 Nc6 5. O-O Nge7 6. c4 d6 7. Nc3 f5 8. Bd2 O-O 9. a3 d5 10. cxd5 Nxd5 11. Qb3 Nce7 12. e4 c6 13. exd5 cxd5 14. Bg5 Be6 15. Qxb7 Rf7 16. Qa6 Qd7 17. Bxe7 Rxe7 18. Ng5 e4 19. dxe4 fxe4 20. Rad1 Bxc3 21. bxc3 Bf5 22. Rfe1 Rae8 23. Qa5 Re5 24. f4 exf3 25. Nxf3 Rxe1+ 26. Nxe1 Be4 27. Bxe4 Rxe4 28. Nf3 Re3 29. Rxd5 Qf7 30. Qd8+ Re8 31. Ng5 Qf8 32. Ne6 Rxe6 33. Qxf8+ Kxf8 34. Rd7 Ra6 35. Rxh7 Rxa3 36. Kg2 a5 37. Ra7 Rxc3 38. Rxa5 Kg7 39. h4 Kh6 40. Ra4 Kh5 41. Kh3 Rc5 42. Ra7 Kh6 43. Ra3 Rc6 44. Ra4 g5 45. Ra5 gxh4 46. Kxh4 Kg6 47. Rg5+ Kh6 48. Rg8 Rc1 49. Re8 Kg6 50. Rg8+ Kf6 51. Rb8 Rc6 52. Kh5 Rc3 53. Rb6+ Kg7 54. Rb7+ Kf6 55. Rb6+ Kg7 56. g4 Rc5+ 57. Kh4 Rc7 58. Rd6 Rb7 59. Rd5 Rb6 60. Rd7+ Kg6 1/2-1/2

[Event "Lunenburg County op"]
[Site "Lunenburg CAN"]
[Date "1999.04.24"]
[Round "3"]
[White "McKim, Fred"]
[Black "Reddy, Tyler"]
[Result "1/2-1/2"]
[WhiteElo "2102"]
[BlackElo "2124"]
[PlyCount "94"]
[GameId "2160767911805172"]
[EventDate "1999.04.24"]
[EventType "swiss"]
[EventRounds "5"]
[EventCountry "CAN"]
[SourceTitle "EXT 2002"]
[Source "ChessBase"]
[SourceDate "2001.11.25"]
[SourceVersion "1"]
[SourceVersionDate "2001.11.25"]
[SourceQuality "1"]

1. d4 d5 2. Nf3 Nf6 3. e3 c5 4. c3 cxd4 5. exd4 g6 6. Ne5 Nc6 7. f4 Bg7 8. Bd3 Bf5 9. O-O O-O 10. Nd2 Qb6 11. Nb3 Bxd3 12. Qxd3 Nxe5 13. fxe5 Ne4 14. Be3 a5 15. Rac1 a4 16. Nd2 Nxd2 17. Qxd2 Rac8 18. Rf3 f6 19. exf6 Rxf6 20. Rxf6 exf6 21. Re1 Re8 22. Bf2 Rxe1+ 23. Qxe1 Kf7 24. Qe2 Bh6 25. Qc2 Qc6 26. b3 b5 27. Qd3 Bf4 28. Be3 Bxe3+ 29. Qxe3 axb3 30. axb3 Qe6 31. Qxe6+ Kxe6 32. Kf2 b4 33. cxb4 Kd6 34. g4 Kc6 35. Ke3 Kb5 36. Kf4 h6 37. h4 Kxb4 38. h5 gxh5 39. gxh5 Kxb3 40. Kf5 Kc4 41. Kg6 f5 42. Kxf5 Kxd4 43. Kg6 Ke5 44. Kxh6 Kf6 45. Kh7 d4 46. h6 Kf7 47. Kh8 d3 1/2-1/2

[Event "Lunenburg County op"]
[Site "Lunenburg CAN"]
[Date "1999.04.25"]
[Round "4"]
[White "Saunders, Stephen"]
[Black "Hutchinson, Bob"]
[Result "1-0"]
[WhiteElo "2005"]
[BlackElo "1448"]
[PlyCount "59"]
[GameId "2160767911805173"]
[EventDate "1999.04.24"]
[EventType "swiss"]
[EventRounds "5"]
[EventCountry "CAN"]
[SourceTitle "EXT 2002"]
[Source "ChessBase"]
[SourceDate "2001.11.25"]
[SourceVersion "1"]
[SourceVersionDate "2001.11.25"]
[SourceQuality "1"]

1. d4 d5 2. c4 c6 3. Nc3 Bf5 4. cxd5 cxd5 5. Qb3 Qd7 6. Qxd5 e6 7. Qxd7+ Nxd7 8. e4 Bg6 9. Bb5 O-O-O 10. Nge2 Ngf6 11. Bg5 h6 12. Bh4 Bh7 13. Rc1 Bb4 14. O-O Kb8 15. f3 g5 16. Bg3+ Ka8 17. a3 Ba5 18. b4 Bb6 19. Na4 a6 20. Bxd7 Nxd7 21. Nxb6+ Nxb6 22. Bc7 Na4 23. Bxd8 Rxd8 24. Rc7 Bg6 25. Rfc1 Kb8 26. Re7 Rc8 27. Kf2 f5 28. Rxc8+ Kxc8 29. Rxe6 Bf7 30. Rxh6 1-0

[Event "Manitoba op"]
[Site "Winnipeg CAN"]
[Date "1999.05.22"]
[Round "1"]
[White "Babb, Jeff"]
[Black "Plocek, Jaroslav"]
[Result "1-0"]
[WhiteElo "2230"]
[BlackElo "1731"]
[PlyCount "89"]
[GameId "2160767911808958"]
[EventDate "1999.05.22"]
[EventType "swiss"]
[EventRounds "6"]
[EventCountry "CAN"]

1. e4 e6 2. d3 c5 3. Nf3 Nc6 4. g3 d6 5. Bg2 Nf6 6. O-O Be7 7. Nbd2 O-O 8. c3 Bd7 9. d4 cxd4 10. cxd4 Qc7 11. a3 Rac8 12. b4 h6 13. Bb2 d5 14. e5 Nh7 15. h4 f6 16. Re1 fxe5 17. dxe5 Rf7 18. Rc1 a6 19. Nd4 Qb6 20. N2f3 Nf8 21. Nxc6 Bxc6 22. Bd4 Qd8 23. Qb3 Nd7 24. Bh3 Nf8 25. Qe3 Bd7 26. Bb6 Qe8 27. Bg4 Kh7 28. Rxc8 Qxc8 29. Rc1 Bc6 30. Nd4 Qd7 31. Qd3+ g6 32. h5 Rg7 33. hxg6+ Kg8 34. Bh5 Qe8 35. Nxc6 bxc6 36. Qxa6 Nxg6 37. Be3 Bg5 38. Bxg5 hxg5 39. Rxc6 Qd7 40. Bxg6 Rxg6 41. Qc8+ Qxc8 42. Rxc8+ Kf7 43. b5 Ke7 44. b6 Kd7 45. b7 1-0

[Event "Manitoba op"]
[Site "Winnipeg CAN"]
[Date "1999.05.22"]
[Round "1"]
[White "Baragar, Fletcher"]
[Black "Walker, Erin"]
[Result "1-0"]
[WhiteElo "2288"]
[BlackElo "1748"]
[PlyCount "65"]
[GameId "2160767911808959"]
[EventDate "1999.05.22"]
[EventType "swiss"]
[EventRounds "6"]
[EventCountry "CAN"]

1. d4 d5 2. c4 e6 3. Nc3 Nf6 4. Nf3 Be7 5. Bg5 O-O 6. e3 Nbd7 7. Rc1 b6 8. cxd5 exd5 9. Bd3 c5 10. O-O Bb7 11. Qe2 h6 12. Bf4 Nh5 13. Bg3 Nxg3 14. hxg3 Nf6 15. Rfd1 cxd4 16. Nxd4 Bc5 17. Ba6 Bxa6 18. Qxa6 Qd7 19. Rd3 Ne4 20. Rcd1 Nxc3 21. Rxc3 Rfd8 22. Rcd3 Rac8 23. Nb5 Qe6 24. a3 Be7 25. Qxa7 Ra8 26. Qc7 Rac8 27. Qf4 Bf6 28. Nc7 Qd6 29. Nxd5 Bxb2 30. Qxd6 Rxd6 31. Ne7+ Kf8 32. Nxc8 Rxd3 33. Rxd3 1-0

[Event "Manitoba op"]
[Site "Winnipeg CAN"]
[Date "1999.05.22"]
[Round "1"]
[White "De la Rosa, Jeff"]
[Black "Lipnowski, Samuel"]
[Result "0-1"]
[WhiteElo "1408"]
[BlackElo "1934"]
[PlyCount "108"]
[GameId "2160767911808960"]
[EventDate "1999.05.22"]
[EventType "swiss"]
[EventRounds "6"]
[EventCountry "CAN"]

1. e4 c5 2. Nf3 e6 3. Nc3 a6 4. Bc4 b5 5. Be2 Bb7 6. d3 d6 7. O-O Nf6 8. Be3 Be7 9. Nh4 Nxe4 10. dxe4 Bxh4 11. a3 O-O 12. Bd3 Bf6 13. Qg4 Nc6 14. Qg3 c4 15. Be2 d5 16. Rad1 d4 17. a4 Qb6 18. Bf4 dxc3 19. bxc3 Bxc3 20. Qxc3 Rfd8 21. Bd2 Qd4 22. Qg3 Qxe4 23. Bc3 Qg6 24. Qc7 Nd4 25. Qxb7 Nxe2+ 26. Kh1 Nxc3 27. Rde1 Nxa4 28. Rc1 Nc5 29. Qc6 Rac8 30. Qf3 h6 31. h4 Rd5 32. g4 Qe4 33. Qxe4 Nxe4 34. f3 Ng3+ 35. Kg2 Nxf1 36. Kxf1 b4 37. Rb1 a5 38. Ke2 Rcd8 39. f4 Rd2+ 40. Ke3 Rxc2 41. g5 hxg5 42. hxg5 b3 43. Ke4 Rd3 44. f5 exf5+ 45. Kxf5 b2 46. Re1 Rd8 47. Re7 b1=Q 48. g6 Re2+ 49. Kf4 Rxe7 50. Kf3 Qf1+ 51. Kg3 Re3+ 52. Kh4 Qh3+ 53. Kg5 f6+ 54. Kf4 Rd4# 0-1

[Event "Manitoba op"]
[Site "Winnipeg CAN"]
[Date "1999.05.22"]
[Round "1"]
[White "Gentes, Kevin"]
[Black "Hassain, Mahmud"]
[Result "1-0"]
[WhiteElo "2371"]
[BlackElo "1922"]
[PlyCount "63"]
[GameId "2160767911808961"]
[EventDate "1999.05.22"]
[EventType "swiss"]
[EventRounds "6"]
[EventCountry "CAN"]

1. g3 g6 2. Bg2 Bg7 3. c4 c5 4. e3 Nc6 5. Ne2 e5 6. Nbc3 Nge7 7. a3 O-O 8. Rb1 Rb8 9. b4 cxb4 10. axb4 b6 11. O-O Bb7 12. d3 d6 13. Qd2 f5 14. f4 Qd7 15. d4 exd4 16. exd4 Rfe8 17. d5 Nd8 18. Bb2 Rc8 19. Qd3 Ba6 20. b5 Bb7 21. Nd4 Ba8 22. Nc6 Nb7 23. Ne2 Nc5 24. Qc2 Ne4 25. Bxg7 Kxg7 26. Ned4 Nxc6 27. bxc6 Qf7 28. Rfe1 Qf6 29. Qb2 Nc5 30. Qa1 Rxe1+ 31. Rxe1 Kh8 32. Nb5 1-0

[Event "Manitoba op"]
[Site "Winnipeg CAN"]
[Date "1999.05.22"]
[Round "1"]
[White "Milord, Frank"]
[Black "Lipnowski, Irwin"]
[Result "0-1"]
[WhiteElo "1782"]
[BlackElo "2336"]
[PlyCount "54"]
[GameId "2160767911808962"]
[EventDate "1999.05.22"]
[EventType "swiss"]
[EventRounds "6"]
[EventCountry "CAN"]

1. e4 c5 2. Nf3 Nc6 3. d4 cxd4 4. Nxd4 Nf6 5. Nc3 d6 6. Be2 g6 7. Be3 Bg7 8. f3 O-O 9. Qd2 d5 10. Nxc6 bxc6 11. exd5 Nxd5 12. Nxd5 cxd5 13. c3 e5 14. O-O Bb7 15. a4 Qc7 16. a5 Rfd8 17. Rfc1 Rd7 18. a6 Bc6 19. b4 d4 20. cxd4 exd4 21. Bf4 Qb6 22. Bd3 Bb5 23. Bc7 Rxc7 24. Rxc7 Qxc7 25. Bxb5 d3 26. Rc1 Qb6+ 27. Rc5 Bd4+ 0-1

[Event "Manitoba op"]
[Site "Winnipeg CAN"]
[Date "1999.05.22"]
[Round "1"]
[White "Moffat, Ron"]
[Black "Kaptsan, Aron"]
[Result "0-1"]
[WhiteElo "1667"]
[BlackElo "2127"]
[PlyCount "20"]
[GameId "2160767911808963"]
[EventDate "1999.05.22"]
[EventType "swiss"]
[EventRounds "6"]
[EventCountry "CAN"]

1. d4 d5 2. c4 dxc4 3. Nf3 Nf6 4. g3 g6 5. Bg2 Bg7 6. Qa4+ Nbd7 7. Qxc4 O-O 8. Bf4 c6 9. Nc3 Nb6 10. e4 Nxc4 0-1

[Event "Manitoba op"]
[Site "Winnipeg CAN"]
[Date "1999.05.22"]
[Round "1"]
[White "Nikouline, Alexandre"]
[Black "Gannon, Keith"]
[Result "1-0"]
[WhiteElo "2107"]
[BlackElo "1648"]
[PlyCount "125"]
[GameId "2160767911808964"]
[EventDate "1999.05.22"]
[EventType "swiss"]
[EventRounds "6"]
[EventCountry "CAN"]

1. e4 c5 2. Nf3 Nc6 3. d4 cxd4 4. Nxd4 e6 5. Be3 Be7 6. Nc3 Nf6 7. Qd2 O-O 8. f3 a6 9. g4 Qa5 10. Nb3 Qc7 11. Be2 b5 12. g5 Ne8 13. O-O-O Bb4 14. a3 Bxc3 15. Qxc3 d6 16. h4 Bb7 17. h5 e5 18. g6 Rc8 19. gxh7+ Kxh7 20. Bd3 Ne7 21. Qd2 Rh8 22. Rdg1 Kg8 23. h6 Ng6 24. Bg5 Qd7 25. f4 Nxf4 26. Bxf4 exf4 27. Qxf4 Qe6 28. Nd4 Qe5 29. Qxe5 dxe5 30. Nf5 Rc7 31. Nxg7 Nxg7 32. Rxg7+ Kf8 33. Rg5 f6 34. Rg6 Rf7 35. Rhg1 Ke7 36. Kd2 Bc6 37. c4 bxc4 38. Bxc4 Rfh7 39. Rg7+ Kd6 40. Rxh7 Rxh7 41. Rg6 Bxe4 42. Rxf6+ Kc5 43. Bxa6 Bb1 44. Bd3 Bxd3 45. Kxd3 Kd5 46. a4 Rb7 47. Kc3 Rc7+ 48. Kb3 Kd4 49. Rd6+ Ke3 50. a5 e4 51. Rg6 Ra7 52. Ka4 Kd2 53. b4 Re7 54. Rg7 Re5 55. h7 Rh5 56. Rd7+ Ke2 57. a6 e3 58. a7 Rh1 59. Kb5 Rh5+ 60. Kb6 Kf1 61. a8=Q e2 62. Qf3+ Kg1 63. Rg7+ 1-0

[Event "Manitoba op"]
[Site "Winnipeg CAN"]
[Date "1999.05.22"]
[Round "1"]
[White "Sadov, Sergey"]
[Black "Ott, Richard"]
[Result "1-0"]
[WhiteElo "1999"]
[BlackElo "1529"]
[PlyCount "23"]
[GameId "2160767911808966"]
[EventDate "1999.05.22"]
[EventType "swiss"]
[EventRounds "6"]
[EventCountry "CAN"]

1. e4 c5 2. Nf3 d6 3. Nc3 g6 4. d4 cxd4 5. Qxd4 e5 6. Bb5+ Nd7 7. Nxe5 dxe5 8. Qxe5+ Qe7 9. Qxh8 Ngf6 10. Bg5 Nh5 11. Bxe7 Kxe7 12. Nd5+ 1-0

[Event "Manitoba op"]
[Site "Winnipeg CAN"]
[Date "1999.05.22"]
[Round "1"]
[White "Schulz, Waldemar"]
[Black "Xia, Yanchong"]
[Result "1-0"]
[WhiteElo "2068"]
[BlackElo "1599"]
[PlyCount "35"]
[GameId "2160767911808967"]
[EventDate "1999.05.22"]
[EventType "swiss"]
[EventRounds "6"]
[EventCountry "CAN"]

1. d4 Nf6 2. c4 g6 3. Nc3 Bg7 4. e4 d6 5. Nf3 O-O 6. Be2 Na6 7. O-O e5 8. Be3 Nh5 9. Qd2 f5 10. Bg5 Qe8 11. exf5 gxf5 12. dxe5 dxe5 13. Qd5+ Qf7 14. Qxf7+ Rxf7 15. Nxe5 Bxe5 16. Bxh5 Rg7 17. Bh6 Rd7 18. Rfe1 1-0

[Event "Manitoba op"]
[Site "Winnipeg CAN"]
[Date "1999.05.22"]
[Round "1"]
[White "Shpan, Mike"]
[Black "Rasmussen, Barry"]
[Result "0-1"]
[WhiteElo "1744"]
[BlackElo "2269"]
[PlyCount "68"]
[GameId "2160767911808968"]
[EventDate "1999.05.22"]
[EventType "swiss"]
[EventRounds "6"]
[EventCountry "CAN"]

1. e4 c5 2. Nf3 e6 3. Nc3 Nc6 4. d4 cxd4 5. Nxd4 Nf6 6. Nxc6 bxc6 7. Bd3 d5 8. Bg5 d4 9. Bxf6 Qxf6 10. Ne2 e5 11. O-O Bd6 12. Ng3 g6 13. Qd2 h5 14. Ne2 g5 15. Rac1 Kf8 16. c3 c5 17. cxd4 cxd4 18. Qa5 Kg7 19. Ba6 Bd7 20. b3 h4 21. f3 Rab8 22. Bd3 Bb4 23. Qxa7 Be6 24. Rc6 Ra8 25. Qb7 Rhb8 26. Qc7 Ba5 27. Qd6 Bd2 28. Bc4 Rd8 29. Qc5 Rxa2 30. Nc1 Bxc1 31. Bxe6 Be3+ 32. Kh1 fxe6 33. Qb6 h3 34. g3 Qxf3+ 0-1

[Event "Manitoba op"]
[Site "Winnipeg CAN"]
[Date "1999.05.22"]
[Round "2"]
[White "Lauritson, Jim"]
[Black "Gentes, Kevin"]
[Result "0-1"]
[WhiteElo "2028"]
[BlackElo "2371"]
[PlyCount "84"]
[GameId "2160767911808969"]
[EventDate "1999.05.22"]
[EventType "swiss"]
[EventRounds "6"]
[EventCountry "CAN"]

1. e4 c5 2. Nf3 d6 3. d4 cxd4 4. Nxd4 Nf6 5. Nc3 a6 6. f3 e6 7. Be3 b5 8. Qd2 b4 9. Nce2 d5 10. e5 Nfd7 11. f4 Qc7 12. Ng3 Nc6 13. Bd3 Nxd4 14. Bxd4 Bc5 15. Ne2 Nb6 16. b3 Bd7 17. O-O O-O 18. Kh1 Nc8 19. Qe3 Bxd4 20. Nxd4 Ne7 21. Qh3 Ng6 22. Nf3 h6 23. Nd4 Qb6 24. Ne2 Bb5 25. Rf3 Bxd3 26. cxd3 Rac8 27. Qg4 Rc2 28. Re1 Rfc8 29. h4 Ne7 30. Ng3 Qd4 31. Qh5 Rc1 32. Ref1 Rxf1+ 33. Rxf1 Qxd3 34. Kh2 Rc3 35. Rf3 Qd2 36. f5 Rxf3 37. Qxf3 Qd4 38. f6 Qxh4+ 39. Kg1 Qd4+ 40. Kh1 Qh4+ 41. Kg1 Ng6 42. Qe3 Qf4 0-1

[Event "Manitoba op"]
[Site "Winnipeg CAN"]
[Date "1999.05.22"]
[Round "2"]
[White "Lipnowski, Irwin"]
[Black "Schulz, Waldemar"]
[Result "1-0"]
[WhiteElo "2336"]
[BlackElo "2068"]
[PlyCount "35"]
[GameId "2160767911808970"]
[EventDate "1999.05.22"]
[EventType "swiss"]
[EventRounds "6"]
[EventCountry "CAN"]

1. e4 c5 2. Nf3 e6 3. d4 cxd4 4. Nxd4 Nf6 5. Nc3 d6 6. g4 e5 7. Nf5 h5 8. f3 hxg4 9. fxg4 Nxg4 10. Qxg4 g6 11. Bg5 gxf5 12. exf5 Rg8 13. h4 Bh6 14. O-O-O a6 15. Ne4 Rg6 16. Qf3 Rf6 17. Bh3 Nc6 18. Kb1 1-0

[Event "Manitoba op"]
[Site "Winnipeg CAN"]
[Date "1999.05.22"]
[Round "2"]
[White "Lipnowski, Samuel"]
[Black "Babb, Jeff"]
[Result "0-1"]
[WhiteElo "1934"]
[BlackElo "2230"]
[PlyCount "92"]
[GameId "2160767911808971"]
[EventDate "1999.05.22"]
[EventType "swiss"]
[EventRounds "6"]
[EventCountry "CAN"]

1. e4 d6 2. d4 Nf6 3. Nc3 g6 4. Be3 c6 5. Qd2 b5 6. f3 b4 7. Nce2 a5 8. O-O-O Nbd7 9. g4 Nb6 10. Ng3 h5 11. g5 h4 12. gxf6 hxg3 13. fxe7 Bxe7 14. Qg2 gxh2 15. Rxh2 Kd7 16. Rxh8 Qxh8 17. Qh3+ Qxh3 18. Bxh3+ Kc7 19. Bxc8 Rxc8 20. Nh3 Rh8 21. Rh1 Nc4 22. Bf4 g5 23. Bg3 g4 24. fxg4 Bg5+ 25. Kb1 Nd2+ 26. Ka1 Nxe4 27. Nf2 Rxh1+ 28. Nxh1 Be3 29. d5 Nf6 30. dxc6 Nxg4 31. Be1 Kxc6 32. Ng3 Bf2 33. Bxf2 Nxf2 34. Kb1 Kd5 35. Kc1 Ne4 36. Nf1 Kd4 37. Kd1 a4 38. Kc1 f5 39. Kd1 a3 40. Kc1 f4 41. Kb1 d5 42. Kc1 Ng3 43. Nd2 axb2+ 44. Kxb2 Ke3 45. Kc1 Ne2+ 46. Kd1 Nc3+ 0-1

[Event "Manitoba op"]
[Site "Winnipeg CAN"]
[Date "1999.05.22"]
[Round "2"]
[White "Rasmussen, Barry"]
[Black "Lukic, Luka"]
[Result "1-0"]
[WhiteElo "2269"]
[BlackElo "1962"]
[PlyCount "37"]
[GameId "2160767911808972"]
[EventDate "1999.05.22"]
[EventType "swiss"]
[EventRounds "6"]
[EventCountry "CAN"]

1. e4 e5 2. Nf3 Nc6 3. Bb5 a6 4. Ba4 Nf6 5. O-O Be7 6. Re1 b5 7. Bb3 d6 8. a4 b4 9. a5 O-O 10. d3 Bg4 11. c3 d5 12. h3 Bh5 13. g4 dxe4 14. gxh5 exf3 15. Qxf3 Qd6 16. Bg5 Rad8 17. h6 g6 18. Nd2 Nd7 19. Ne4 1-0